Statistics for The Duggar Children

Click here to take the quiz!

General Stats

  • This quiz has been taken 31 times
  • The average score is 18 of 22

Answer Stats

HintAnswer% Correct
son 10Jackson
96%
son 1Josh
96%
son 8James
88%
daughter 1Jana
88%
DadJim Bob
88%
daughter 4Jinger
88%
son 2John David
88%
son 3Joseph
88%
daughter 3Jessa
84%
daughter 2Jill
84%
son 4Josiah
84%
daughter 9Josie
84%
son 9Justin
84%
MomMichelle
84%
daughter 7Jennifer
80%
son 7Jason
76%
son 6Jeremiah
76%
daughter 6Johannah
76%
daughter 5Joy Anna
72%
son 5Jedediah
68%
daughter 8Jordyn Grace
68%
daughter 10Jubilee
56%

Score Distribution

Percentile by Number Answered

Percent of People with Each Score

Your Score History

You have not taken this quiz